00942 a2200253 4500003000500000005001700005010001700022020002500039020002900064035002100093035002400114040000900138082001100147100003600158245015400194260004300348300003400391500001900425650003500444650003100479650002200510651012100532700003500653Nust20170207154052.0 a 2009004168 a0-470-40238-5 (pbk.) a978-0-470-40238-2 (pbk.) a(OCoLC)268790796 a(OCoLC)ocn268790796 cNust00a004.651 aJames Edwards, Richard Bramante10aNetworking self-teaching guide : OSI, TCP/IP, LANs, MANs, WANs, implementation, management, and maintenance (E-Book)cJames Edwards, Richard Bramante aIndianapolis, IN :bWiley Pub.,cc2009 axxix, 834 p. :bill. ;c24 cm aIncludes index 0aComputer network architectures 0aComputer network protocols 0aComputer networks aNetworking self-teaching guide : OSI, TCP/IP, LANs, MANs, WANs, implementation, management, and maintenance (E-Book)1 aBramante, Richard,d1944-4aut